Á lódáil...
Glossary of the botanic terms used in describing flowering plants
| Príomhúdar: | |
|---|---|
| Formáid: | Printed Book |
| Teanga: | Undetermined English |
| Foilsithe: |
Dehradun
Bishen Singh Mahendra Pal Singh
1978
|
| Ábhair: |
| LEADER | 00574nam a2200169Ia 4500 | ||
|---|---|---|---|
| 008 | 140306s9999 xx 000 0 und d | ||
| 041 | |a eng | ||
| 082 | |a 580 |b GLO | ||
| 100 | |a Heinig, R L | ||
| 245 | |a Glossary of the botanic terms used in describing flowering plants | ||
| 260 | |a Dehradun |b Bishen Singh Mahendra Pal Singh |c 1978 | ||
| 300 | |a 107 | ||
| 365 | |b Rs .35 .00 | ||
| 650 | |a Botany | ||
| 942 | |2 ddc |c BK | ||
| 999 | |c 118140 |d 118140 | ||
| 952 | |0 0 |1 0 |2 ddc |4 0 |6 580_000000000000000_GLO |7 0 |9 117111 |a KAUHCV |b KAUHCV |d 2002-05-03 |g 35.00 |o 580 GLO |p KAU_HCV-6040 |r 2014-03-22 |w 2014-03-22 |y BK | ||